Landlord and Tenant Act 1954: a problem for small businesses (Record no. 16824)
[ view plain ]
| 000 -LEADER | |
|---|---|
| fixed length control field | 00770cab a2200193 4500 |
| 001 - CONTROL NUMBER | |
| control field | ABS40623 |
| 008 - FIXED-LENGTH DATA ELEMENTS--GENERAL INFORMATION | |
| fixed length control field | 090401t1989 xxu||||| |||| 00| 0 eng d |
| 035 ## - SYSTEM CONTROL NUMBER | |
| System control number | (Sirsi) u25084 |
| 041 ## - LANGUAGE CODE | |
| Language code of text/sound track or separate title | eng |
| 100 ## - MAIN ENTRY--PERSONAL NAME | |
| Personal name | Calder, M. |
| 245 ## - TITLE STATEMENT | |
| Title | Landlord and Tenant Act 1954: a problem for small businesses |
| 260 ## - PUBLICATION, DISTRIBUTION, ETC. | |
| Date of publication, distribution, etc. | 1989 |
| 350 ## - PRICE (NR) (BK AM CF MU VM SE) [OBSOLETE] | |
| Price | 0 |
| 490 ## - SERIES STATEMENT | |
| Series statement | Estates Gazette |
| Volume/sequential designation | (8914) 8 April 1989, 62-65(2) |
| 520 ## - SUMMARY, ETC. | |
| Summary, etc. | Reviews the effect of Landlord and Tenant Act 1954 Part II and its amending legislation Law of Property Act 1969 on the relationship between landlords and tenants claiming that the legislation discourages the provision of easily rentable small unit commercial space . |
| 690 ## - LOCAL SUBJECT ADDED ENTRY--TOPICAL TERM (OCLC, RLIN) | |
| Topical term or geographic name as entry element | LANDLORD AND TENANT-BUSINESS TENANCIES |
| 942 ## - ADDED ENTRY ELEMENTS (KOHA) | |
| Suppress in OPAC | 0 |
| 948 ## - LOCAL PROCESSING INFORMATION (OCLC); SERIES PART DESIGNATOR (RLIN) | |
| c (OCLC) | 04/03/1997 |
| Withdrawn status | Lost status | Source of classification or shelving scheme | Damaged status | Not for loan | Home library | Current library | Shelving location | Date acquired | Total Checkouts | Full call number | Barcode | Date last seen | Copy number | Price effective from | Koha item type |
|---|---|---|---|---|---|---|---|---|---|---|---|---|---|---|---|
| Dewey Decimal Classification | London | London | Journal article | 14/09/1999 | ABS40623 | 25084-1001 | 06/08/2019 | 1 | 06/08/2019 | Journal article |